Statistics for Topological Map of the Regions of France

Click here to take the quiz!

General Stats

  • This quiz has been taken 75 times
  • The average score is 11 of 12

Answers on the Map

Answers color-coded by a green-red scale on the quiz's map according to % correct below.
 

Answer Stats

Answer% Correct
Brittany
98%
Provence-Alpes-Côte d'Azur
95%
Normandy
94%
Grand Est
92%
Auvergne-Rhône-Alpes
91%
Occitanie
89%
Hauts de France
88%
Île-de-France
88%
Bourgogne-Franche-Comté
85%
Centre-Val de Loire
85%
Nouvelle-Aquitaine
79%
Pays de la Loire
70%

Score Distribution

Percentile by Number Answered

Percent of People with Each Score

Your Score History

You have not taken this quiz